| 000 | 00614nam a2200241Ia 4500 | ||
|---|---|---|---|
| 003 | 0100 | ||
| 008 | 130227s9999 xx 000 0 und d | ||
| 020 | _a0415173531 | ||
| 040 | _cARRUPELIB | ||
| 050 | _aDT30.S515 2003 | ||
| 100 | _aSherwood, Marika | ||
| 245 | _aPan-African history | ||
| 245 | _bPolitical figures from Africa and the Diaspora since 1787 | ||
| 260 | _aLondon | ||
| 260 | _bRoutledge | ||
| 260 | _C2003 | ||
| 300 | _axi | ||
| 300 | _b 203p 23cm | ||
| 650 | _bCatholic Church - History - 21st century | ||
| 650 | _cChristianity and culture | ||
| 700 | _aAki, Hakim | ||
| 942 |
_2lcc _01 |
||
| 999 |
_c881 _d881 |
||